Normal view
MARC view
- Comrie, J
Entry Personal Name
001 - CONTROL NUMBER
- control field: 47318
003 - CONTROL NUMBER IDENTIFIER
- control field: NUST
005 - DATE AND TIME OF LATEST TRANSACTION
- control field: 20210314133806.0
008 - FIXED-LENGTH DATA ELEMENTS
- fixed length control field: 210314|| aca||aabn | a|a d
040 ## - CATALOGING SOURCE
- Original cataloging agency: NUST
- Transcribing agency: NUST
100 ## - HEADING--PERSONAL NAME
- Personal name: Comrie, J
670 ## - SOURCE DATA FOUND
- Source citation: Work cat.: (NUST): Wine,Traut. 47317, Civil engineering reference book., 1951 [i.e. 1952]
